विजय मल्ल स्मृतिग्रन्थ (Record no. 112826)
[ view plain ]
| 000 -LEADER | |
|---|---|
| fixed length control field | 00569nam a22001577a 4500 |
| 008 - FIXED-LENGTH DATA ELEMENTS--GENERAL INFORMATION | |
| fixed length control field | 240503b |||||||| |||| 00| 0 eng d |
| 020 ## - INTERNATIONAL STANDARD BOOK NUMBER | |
| International Standard Book Number | 9789937217224 |
| 041 ## - LANGUAGE CODE | |
| Language code of text/sound track or separate title | Nep. |
| 082 ## - DEWEY DECIMAL CLASSIFICATION NUMBER | |
| Classification number | N928/V786 |
| 241 ## - ROMANIZED TITLE (BK AM CF MP MU VM) | |
| Romanized title | Vijaya malla smritigrantha |
| 245 ## - TITLE STATEMENT | |
| Title | विजय मल्ल स्मृतिग्रन्थ |
| 260 ## - PUBLICATION, DISTRIBUTION, ETC. | |
| Place of publication, distribution, etc. | काठमाडाैः |
| Name of publisher, distributor, etc. | विजय मलल स्मृति समाज, |
| Date of publication, distribution, etc. | २०६६वि. |
| 300 ## - PHYSICAL DESCRIPTION | |
| Extent | ४९४पृ.:सचित्र |
| 650 ## - SUBJECT ADDED ENTRY--TOPICAL TERM | |
| Topical term or geographic name entry element | मल्ल, विजय- जीवनी |
| 942 ## - ADDED ENTRY ELEMENTS (KOHA) | |
| Source of classification or shelving scheme | Dewey Decimal Classification |
| Koha item type | ISBN |
| Withdrawn status | Lost status | Source of classification or shelving scheme | Damaged status | Not for loan | Home library | Current library | Date acquired | Total Checkouts | Full call number | Barcode | Date last seen | Price effective from | Koha item type |
|---|---|---|---|---|---|---|---|---|---|---|---|---|---|
| Dewey Decimal Classification | Tribhuvan University Central Library | Tribhuvan University Central Library | 05/03/2024 | N928/V786 | IS7874 | 05/03/2024 | 05/03/2024 | ISBN |
